000
00290nam a22001337a 4500
008
170522b xxu||||| |||| 00| 0 eng d
020
_a
9780312570101
041
_a
eng
080
_2
9 ED
_a
94
100
_a
16
101
_a
SHH
245
_a
WORLD SOCIETES
_c
MCKAY.B
942
_2
udc
_c
BK
999
_c
13777
_d
13777